00634 2200241 4500001002100000005001500021035002000036007000300056008004100059020001800100082001000118084001600128100002100144245007500165250001000240260003400250300003600284650001600320700000800336520002600344990001100370990001100381INLIS00000000000355520190625061722 a0010-0619000099ta190625 g 0 ind  a9786025176616 a492.7 a492.7 MUI p0 aMUIZ, al Bantani1 aPercakapan Bahasa Arab Sehari-hari /cMuiz al Bantani; penyunting, Key acet.1 aTangerang :bCemerlang,c2018 avi, 143 hlm. :bilus. ;c19 cm. 4aBAHASA.ARAB0 aKEY aBibliografi: hlm. 143 a6829 a a6829 b